LDR 01002naa#a2200193#i#450# 001 RU\\bibl\119751 005 20260413171033.1 011 ## _a2308-8877 100 ## _a20260406b2026####ek#y0rusy0150####ca 102 ## _aRU 200 1# _aСОВРЕМЕННЫЙ МЕХАНИЗМ МНОГОЦЕЛЕВОГО ИСПОЛЬЗОВАНИЯ ЛЕСОВ В РОССИЙСКОЙ ФЕДЕРАЦИИ _eЖурнальная статья 210 1# _aВоронеж _cВоронежский государственный лесотехнический университет имени Г.Ф. Морозова _d2026 215 ## _a14 с. 608 ## _aЖурнальная статья _2local 675 ## _aЭкономика. Народное хозяйство. Экономические науки. 33 _z 700 #1 _aМорковина _gСветлана Сергеевна 700 #1 _aТопчеев _gАндрей Николаевич 700 #1 _aКузнецов _gДенис Константинович 856 4# _aanni.editorum.ru _u